000 00441nam a22001697a 4500
005 20160512101343.0
008 160512b xxu||||| |||| 00| 0 eng d
020 _a9788125-921400
041 _aeng
082 _b1550
100 _aMaheshwari S.N. Maheshwari S.K.
_9327
245 _aA text book of Accounting the management
260 _aNOIDA
_bVIKAS PUBLISHING HOUSE
_c2006
300 _a4.302
650 _aManagement
_9241
942 _cBK
999 _c627
_d627